00559 2200217 4500001002100000005001700021008004100038035002400079082001200103090001900115100003000134245006300164250001100227260002500238300001900263650001000282850001500292980001300307985000600320999001500326YOGYA-0209000000888920090227021141.0 ind  0010-020900000008889 a297.215 a297.215bArR L aARROISI, Abdurrahman, K.H aLintas petaka di bumi sang rasulcK.H. Abdurrahman Arroisi aCet. 1 aBandungbRosdac1986 a196 hlmc18 cm aRosul aYOPDYOG(B) a05-05-28 a1 a93P0038337